Normal view
MARC view
Entry Personal Name
001 - CONTROL NUMBER
- control field: 20952
003 - CONTROL NUMBER IDENTIFIER
- control field: dpl
005 - DATE AND TIME OF LATEST TRANSACTION
- control field: 20100921141321.0
008 - FIXED-LENGTH DATA ELEMENTS
- fixed length control field: 100921|||a|||||| | ||| d
040 ## - CATALOGING SOURCE
- Original cataloging agency: dpl
- Transcribing agency: dpl
100 ## - HEADING--PERSONAL NAME
- Personal name: Dehevi, Mahendra
670 ## - SOURCE DATA FOUND
- Source citation: Work cat.: (dpl): 19606 Nitin Mukesh, Dard-E-Dil /, n. d.
670 ## - SOURCE DATA FOUND
- Source citation: Work cat.: (dpl): 19606 Nitin Mukesh, Dard-E-Dil /, n. d.
